| 000 | 00974cab a2200265 4500 | ||
|---|---|---|---|
| 001 | WB3239-40 | ||
| 008 | 090401t1996 xxu||||| |||| 00| 0 eng d | ||
| 035 | _a(Sirsi) u27507 | ||
| 041 | _aeng | ||
| 245 | _aWarning for new wave of landlords | ||
| 260 | _c1996 | ||
| 350 | _a0 | ||
| 490 |
_aTimes _v12 October 1996, 31 |
||
| 490 |
_aDaily Telegraph _v12 October 1996, B14 |
||
| 490 |
_aFinancial Times _v23 October 1996, 16(4) |
||
| 520 | _aConsiderable interest has been shown in the `buy to let` scheme launched by leading lenders and ARLA, that offers cheap mortgages to encourage the private rented sector. Prospective landlords are warned of the possible pitfalls. | ||
| 650 | _aARLA | ||
| 650 | _aBUY-TO-LET | ||
| 650 | _aPRIVATE RENTED SECTOR | ||
| 650 | _aRENTED HOUSING | ||
| 650 | _aSMALL LANDLORDS ASSOCIATION | ||
| 690 | _aPROPERTY-RESIDENTIAL PROPERTY-RESIDENTIAL LANDLORD AND TENANT-RESIDENTIAL TENANCIES | ||
| 942 | _n0 | ||
| 948 | _c04/03/1997 | ||
| 999 |
_c18517 _d18517 |
||